[Event "Aimchess Rapid Prelim"]
[Site "chess24.com INT"]
[Date "2022.10.14"]
[Round "1.2"]
[White "Mamedyarov, Shakhriyar"]
[Black "Carlsen, Magnus"]
[Result "1-0"]
[WhiteTitle "GM"]
[BlackTitle "GM"]
[WhiteElo "2747"]
[BlackElo "2856"]
[WhiteFideId "13401319"]
[BlackFideId "1503014"]
[EventDate "2022.10.14"]

1. d4 Nf6 2. c4 e6 3. Nc3 Bb4 4. Qc2 d5 5. cxd5 exd5 6. Bg5 h6 7. Bh4 Nc6 8. e3
g5 9. Bg3 h5 10. h3 Ne4 11. Bh2 Qe7 12. Bb5 Bf5 13. Qc1 Rh6 14. Ne2 O-O-O 15.
O-O g4 16. h4 Qxh4 17. Bf4 Rg6 18. Ng3 Nxg3 19. fxg3 Qf6 20. a3 Be7 21. b4 h4
22. Bxc6 bxc6 23. Be5 Qg5 24. gxh4 Qh5 25. g3 Bd3 26. Rf2 Re6 27. Bf4 Bd6 28.
Bxd6 Rdxd6 29. Na4 Rf6 30. Qd2 Rxf2 31. Qxf2 Qg6 32. Qf4 Be4 33. Nc5 Bf3 34. Rc1
f6 35. a4 Kb8 36. Kf2 Ka8 37. Ke1 Qf7 38. Kd2 Rd8 39. Na6 Kb7 40. Nc5+ Ka8 41.
b5 Rd6 42. Na6 Kb7 43. Qf5 Be4 44. Qf1 c5 45. Rxc5 1-0

[Event "Aimchess Rapid Prelim"]
[Site "chess24.com INT"]
[Date "2022.10.14"]
[Round "1.5"]
[White "Aditya, Mittal"]
[Black "Abdusattorov, Nodirbek"]
[Result "0-1"]
[WhiteTitle "IM"]
[BlackTitle "GM"]
[WhiteElo "2486"]
[BlackElo "2713"]
[WhiteFideId "35042025"]
[BlackFideId "14204118"]
[EventDate "2022.10.14"]

1. d4 d5 2. c4 dxc4 3. Nf3 a6 4. e3 Nf6 5. Bxc4 e6 6. O-O c5 7. e4 b5 8. Be2
Nxe4 9. a4 b4 10. Nbd2 Nxd2 11. Bxd2 Bb7 12. Be3 Nd7 13. Rc1 Rc8 14. Qd2 c4 15.
Bxc4 Nb6 16. Bd3 Be7 17. Qe2 O-O 18. Rxc8 Qxc8 19. Rc1 Qa8 20. Ne5 Nd5 21. Bd2
Nf6 22. f3 Rc8 23. Bc4 Nd5 24. Qd3 Nb6 25. Bb3 Rxc1+ 26. Bxc1 Qc8 27. Bd2 Bd5
28. a5 Bxb3 29. Qxb3 Nd5 30. Qa4 f6 31. Qd7 Qxd7 32. Nxd7 Kf7 33. Nb8 Bd8 34.
Nc6 Ke8 35. Bxb4 Bc7 36. Ba3 Kd7 37. Nb4 Nxb4 38. Bxb4 Kc6 39. Bf8 g6 40. Be7 f5
41. b4 e5 42. Kf2 exd4 43. h3 Kb5 44. Ke2 Kc4 45. Bf8 d3+ 46. Kd2 Be5 47. b5
Bf4+ 48. Kd1 Kxb5 0-1

[Event "Aimchess Rapid Prelim"]
[Site "chess24.com INT"]
[Date "2022.10.14"]
[Round "1.6"]
[White "Rapport, Richard"]
[Black "Harikrishna, Pentala"]
[Result "1-0"]
[WhiteTitle "GM"]
[BlackTitle "GM"]
[WhiteElo "2754"]
[BlackElo "2717"]
[WhiteFideId "738590"]
[BlackFideId "5007003"]
[EventDate "2022.10.14"]

1. e4 e5 2. Nf3 Nc6 3. g3 Nf6 4. d3 Bc5 5. Bg2 d6 6. c3 a5 7. O-O O-O 8. a4 Ba7
9. Na3 Ne7 10. Nc4 c6 11. b3 Re8 12. Re1 Ng6 13. Ba3 Bc5 14. b4 axb4 15. cxb4
Ba7 16. b5 Bb8 17. bxc6 bxc6 18. d4 Be6 19. dxe5 Nxe5 20. Nxd6 Bxd6 21. Bxd6 Nc4
22. e5 Nd5 23. Nd4 Qd7 24. Nxe6 Qxe6 25. Qc2 Na5 26. f4 g6 27. Rab1 Ne7 28. Bc5
Nf5 29. Bf2 h5 30. Qc3 Re7 31. Rec1 Rd7 32. Rc2 Ne7 33. Rcb2 Kh7 34. h3 Nc4 35.
Rb4 Nd2 36. R1b2 Rad8 37. Bb6 Rd3 38. Qc5 R8d7 39. Kh2 Nf3+ 40. Bxf3 Rxf3 41.
Qc4 Nd5 42. R4b3 Rxb3 43. Qxb3 h4 44. a5 g5 45. fxg5 Qxe5 46. Bf2 hxg3+ 47. Bxg3
Qxg5 48. a6 Ne3 49. Rf2 Nf5 50. Bb8 Rd2 51. Qxf7+ Kh6 52. Qe6+ Kh7 53. Qe1 Nd4
54. Qe4+ Kh6 55. Bg3 Nf5 56. Qe5 Rxf2+ 57. Bxf2 1-0

[Event "Aimchess Rapid Prelim"]
[Site "chess24.com INT"]
[Date "2022.10.14"]
[Round "2.1"]
[White "Giri, Anish"]
[Black "Vidit, Santosh Gujrathi"]
[Result "1-0"]
[WhiteTitle "GM"]
[BlackTitle "GM"]
[WhiteElo "2764"]
[BlackElo "2710"]
[WhiteFideId "24116068"]
[BlackFideId "5029465"]
[EventDate "2022.10.14"]

1. c4 e6 2. Nc3 d5 3. d4 Nf6 4. cxd5 exd5 5. Bg5 Be7 6. e3 O-O 7. Bd3 Re8 8. Nf3
h6 9. Bf4 c5 10. dxc5 Bxc5 11. O-O Nc6 12. Rc1 Bg4 13. h3 Bxf3 14. Qxf3 d4 15.
Ne4 Be7 16. Rfd1 Qb6 17. Bxh6 Nb4 18. Bc4 gxh6 19. Rxd4 Kh8 20. Rd6 Nc6 21. Rxf6
Qxb2 22. Qh5 Qxc1+ 23. Kh2 Qxc4 24. Rxh6+ Kg7 25. Rh7+ Kg8 26. Rh8+ Kg7 27. Qh6# 1-0

[Event "Aimchess Rapid Prelim"]
[Site "chess24.com INT"]
[Date "2022.10.14"]
[Round "2.3"]
[White "Harikrishna, Pentala"]
[Black "Anton Guijarro, David"]
[Result "1/2-1/2"]
[WhiteTitle "GM"]
[BlackTitle "GM"]
[WhiteElo "2717"]
[BlackElo "2655"]
[WhiteFideId "5007003"]
[BlackFideId "2285525"]
[EventDate "2022.10.14"]

1. e4 e5 2. Nf3 Nc6 3. Bb5 Nf6 4. d3 Bc5 5. c3 O-O 6. O-O Re8 7. b4 Bf8 8. Bc4
d5 9. exd5 Nxd5 10. Qb3 Be6 11. Ng5 a5 12. Nxe6 fxe6 13. b5 a4 14. Qc2 Na5 15.
Nd2 Nf4 16. Ne4 Nxc4 17. dxc4 Qd3 18. Qxd3 Nxd3 19. Rd1 Nc5 20. Nxc5 Bxc5 21.
Be3 Bxe3 22. fxe3 Red8 23. Kf2 e4 24. Ke2 c5 25. bxc6 bxc6 26. Rab1 Rxd1 27.
Kxd1 Rd8+ 28. Kc2 Rd3 29. Re1 Kf7 30. Re2 h5 31. Kb2 Ke7 32. c5 h4 33. Ka3 Rxc3+
34. Kb4 Rc1 35. Rd2 Re1 36. Kxa4 Rxe3 37. Kb4 Re1 38. a4 e3 39. Rb2 Kd7 40. Kc3
Ra1 41. Kd3 e5 42. Kxe3 Ke6 43. Rd2 Ra3+ 44. Kf2 Kf5 45. Rd6 Ke4 46. Rxc6 Ra2+
47. Kg1 Ke3 48. h3 Rxa4 49. Rg6 Ra1+ 50. Kh2 Ra7 51. Rg4 e4 52. Rxh4 Kd3 53. Rh8
Rc7 54. Rd8+ Ke2 55. Rd5 e3 56. h4 g6 57. Kg3 Ke1 58. Rd6 e2 59. Rxg6 Re7 60.
Ra6 Kd2 61. Ra1 Re5 62. Kf4 Rxc5 63. g4 Rc1 64. Ra2+ Rc2 65. Ra1 Rc1 66. Ra2+
Kd3 67. Rxe2 Kxe2 68. g5 Rc4+ 69. Kf5 Kf3 70. g6 Rc5+ 71. Kf6 Kg4 72. g7 Rc6+
73. Kf7 Rc7+ 74. Kf6 Rxg7 75. Kxg7 Kxh4 1/2-1/2

[Event "Aimchess Rapid Prelim"]
[Site "chess24.com INT"]
[Date "2022.10.14"]
[Round "2.4"]
[White "Abdusattorov, Nodirbek"]
[Black "Rapport, Richard"]
[Result "1-0"]
[WhiteTitle "GM"]
[BlackTitle "GM"]
[WhiteElo "2713"]
[BlackElo "2754"]
[WhiteFideId "14204118"]
[BlackFideId "738590"]
[EventDate "2022.10.14"]

1. d4 e6 2. c4 c5 3. Nf3 cxd4 4. Nxd4 Nf6 5. Nc3 d5 6. cxd5 Nxd5 7. Bd2 Be7 8.
e4 Nxc3 9. Bxc3 O-O 10. Qb3 Nd7 11. Qc2 a6 12. Be2 Qc7 13. a4 Nf6 14. O-O e5 15.
Nf3 Bb4 16. Rfc1 Bxc3 17. Qxc3 Qxc3 18. Rxc3 Nxe4 19. Rc7 Nf6 20. Bc4 Ne8 21.
Re7 Nd6 22. Bb3 e4 23. Rd1 exf3 24. Rxd6 Bf5 25. gxf3 b5 26. a5 b4 27. Kg2 Be6
28. Bxe6 fxe6 29. Rdd7 Kh8 30. Rxg7 Rg8 31. Rg4 Rac8 32. Rd6 Rc2 33. Rxe6 Rxb2
34. Rxa6 b3 35. Rb6 Ra2 36. Rxb3 Rxa5 37. Rb7 Rf5 38. Kg3 Rgf8 39. Rb3 R5f6 40.
f4 Ra6 41. Rf3 Raf6 42. Rg5 h6 43. Rg4 Kh7 44. Ra3 R8f7 45. Ra5 Rb6 46. f5 Rb3+
47. f3 Rb6 48. Rga4 Rg7+ 49. Kf4 Rb2 50. h3 Rh2 51. f6 Rb7 52. Re5 Kg6 53. Re7
Rhb2 54. Ra6 R2b4+ 55. Kg3 R4b6 56. f7 Kg7 57. Ra8 1-0

[Event "Aimchess Rapid Prelim"]
[Site "chess24.com INT"]
[Date "2022.10.14"]
[Round "2.5"]
[White "Grandelius, Nils"]
[Black "Aditya, Mittal"]
[Result "0-1"]
[WhiteTitle "GM"]
[BlackTitle "IM"]
[WhiteElo "2651"]
[BlackElo "2486"]
[WhiteFideId "1710400"]
[BlackFideId "35042025"]
[EventDate "2022.10.14"]

1. d4 Nf6 2. c4 e6 3. Nf3 d5 4. Nc3 c5 5. cxd5 cxd4 6. Qxd4 exd5 7. Bg5 Be7 8.
e3 O-O 9. Rd1 Be6 10. Bd3 h6 11. Bh4 Nc6 12. Qa4 Qb6 13. Rd2 Rfd8 14. O-O Rac8
15. Rfd1 g6 16. Bf1 Kg7 17. h3 a6 18. Nd4 Nxd4 19. Qxd4 Qxd4 20. Rxd4 g5 21. Bg3
Ne4 22. Nxe4 dxe4 23. Rxd8 Bxd8 24. Be5+ Bf6 25. Bxf6+ Kxf6 26. a4 Bb3 27. Rd4
Rc1 28. g4 Ra1 29. Rxe4 Bxa4 30. Kh2 Bc6 0-1

[Event "Aimchess Rapid Prelim"]
[Site "chess24.com INT"]
[Date "2022.10.14"]
[Round "3.1"]
[White "Mamedyarov, Shakhriyar"]
[Black "Giri, Anish"]
[Result "1-0"]
[WhiteTitle "GM"]
[BlackTitle "GM"]
[WhiteElo "2747"]
[BlackElo "2764"]
[WhiteFideId "13401319"]
[BlackFideId "24116068"]
[EventDate "2022.10.14"]

1. d4 Nf6 2. Nc3 d5 3. Bf4 e6 4. Nb5 Na6 5. e3 Be7 6. h4 O-O 7. Nf3 c6 8. Nc3
Qb6 9. a3 c5 10. Bxa6 Qxa6 11. h5 h6 12. g4 Nxg4 13. Rg1 f5 14. Ne5 cxd4 15.
exd4 Bf6 16. Rxg4 fxg4 17. Qxg4 b5 18. Bxh6 Qb7 19. O-O-O a5 20. Nxb5 Qxb5 21.
Bxg7 Bxg7 22. h6 Ra7 23. Rh1 Rxf2 24. h7+ Kf8 25. Qxg7+ Rxg7 26. h8=Q+ Rg8 27.
Ng6+ Ke8 28. Qxg8+ Kd7 29. Ne5+ Kd6 30. Nd3 1-0

[Event "Aimchess Rapid Prelim"]
[Site "chess24.com INT"]
[Date "2022.10.14"]
[Round "3.4"]
[White "Aditya, Mittal"]
[Black "Naroditsky, Daniel"]
[Result "1/2-1/2"]
[WhiteTitle "IM"]
[BlackTitle "GM"]
[WhiteElo "2486"]
[BlackElo "2617"]
[WhiteFideId "35042025"]
[BlackFideId "2026961"]
[EventDate "2022.10.14"]

1. d4 Nf6 2. c4 e6 3. Nf3 d5 4. Nc3 Bb4 5. Qa4+ Nc6 6. e3 O-O 7. Qc2 Re8 8. Bd2
Bd6 9. c5 Bf8 10. Bb5 Bd7 11. Bxc6 Bxc6 12. Ne5 Nd7 13. Nxc6 bxc6 14. f4 Qh4+
15. g3 Qh3 16. Qa4 Nf6 17. Qxc6 Ng4 18. Qa6 Rab8 19. b3 Nf6 20. Qf1 Qf5 21. Qe2
Ne4 22. O-O f6 23. Nxe4 Qxe4 24. Ba5 c6 25. Rad1 Rb7 26. Qd3 Qxd3 27. Rxd3 e5
28. fxe5 fxe5 29. Bc3 Be7 30. b4 Bf6 31. a4 a6 32. Rf5 exd4 33. exd4 Re4 34. Rf4
Re8 35. Rf2 a5 36. bxa5 Rb3 37. Kg2 Ra8 38. Rff3 Ra3 39. Rde3 Rxa4 40. Re6 Ra2+
41. Kh3 Ra3 42. Kg2 Ra2+ 43. Rf2 Ra3 44. Rc2 Rc8 45. Re1 Ra8 46. Rb1 Bd8 47. Rb7
Bxa5 48. Bxa5 R3xa5 49. Rc7 Ra4 50. Rd2 Re8 51. Rxc6 Re4 52. Rc8+ Kf7 53. Rf2+
Kg6 54. Rc6+ Kg5 55. Rc7 Kh6 56. Rff7 Rg4 57. Rc6+ Rg6 58. Rxg6+ hxg6 59. h4 g5
60. Rf5 Rxd4 61. Rxg5 Rd3 62. Re5 d4 63. Kh3 Rc3 64. Rd5 d3 65. Rd6+ Kh7 66. c6
d2 67. Rxd2 Rxc6 68. Rd4 Rc5 69. Kg4 Ra5 70. Rf4 g6 71. Re4 Kh6 72. Kf4 g5+ 73.
hxg5+ Kg7 74. Re7+ Kg6 75. Re6+ Kg7 76. Kg4 Ra1 77. Re4 Rb1 78. Kf5 Rf1+ 79. Rf4
Ra1 80. Kg4 Kg6 81. Rf6+ Kg7 82. Rb6 Rc1 83. g6 Rc4+ 84. Kh5 Rc5+ 85. Kh4 Rc4+
86. g4 Rc5 87. Re6 Ra5 88. Kg3 Ra3+ 89. Kf4 Ra4+ 90. Kf5 Ra5+ 91. Re5 Rxe5+ 92.
Kxe5 Kxg6 93. Kf4 Kf6 94. g5+ Kg6 95. Kg4 Kg7 96. Kf5 Kf7 97. g6+ Kg7 98. Kg5
Kg8 99. Kf6 Kf8 100. g7+ Kg8 101. Kg6 1/2-1/2

[Event "Aimchess Rapid Prelim"]
[Site "chess24.com INT"]
[Date "2022.10.14"]
[Round "3.5"]
[White "Rapport, Richard"]
[Black "Grandelius, Nils"]
[Result "1-0"]
[WhiteTitle "GM"]
[BlackTitle "GM"]
[WhiteElo "2754"]
[BlackElo "2651"]
[WhiteFideId "738590"]
[BlackFideId "1710400"]
[EventDate "2022.10.14"]

1. e4 c5 2. Nc3 e6 3. Nf3 a6 4. g3 d6 5. Bg2 Nc6 6. O-O Be7 7. d3 Nf6 8. h3 Rb8
9. a3 b5 10. Rb1 O-O 11. Bd2 a5 12. a4 b4 13. Nb5 Ba6 14. c4 bxc3 15. bxc3 c4
16. dxc4 Nxe4 17. Nfd4 Nxd4 18. Bxe4 Nf5 19. c5 dxc5 20. Bf4 Bxb5 21. axb5 Bd6
22. Bc1 Qc7 23. Qf3 Be5 24. Re1 a4 25. b6 Rxb6 26. Bxf5 exf5 27. Rxb6 Qxb6 28.
Rxe5 Qb1 29. Qe3 a3 30. Re8 a2 31. Qe7 h6 32. Qxf8+ Kh7 33. Qxf7 a1=Q 34. Qg8+
Kg6 35. Re6+ Kh5 36. Qf7+ g6 37. Qxg6# 1-0

[Event "Aimchess Rapid Prelim"]
[Site "chess24.com INT"]
[Date "2022.10.14"]
[Round "3.6"]
[White "Anton Guijarro, David"]
[Black "Abdusattorov, Nodirbek"]
[Result "0-1"]
[WhiteTitle "GM"]
[BlackTitle "GM"]
[WhiteElo "2655"]
[BlackElo "2713"]
[WhiteFideId "2285525"]
[BlackFideId "14204118"]
[EventDate "2022.10.14"]

1. e4 e5 2. Nc3 Nc6 3. Bc4 Nf6 4. d3 Na5 5. Bb3 Bb4 6. Nf3 O-O 7. O-O Bxc3 8.
bxc3 d6 9. Bg5 h6 10. Bh4 Nxb3 11. axb3 Qe7 12. c4 Bg4 13. h3 Bxf3 14. Qxf3 g5
15. Bg3 Ne8 16. Qe3 c5 17. b4 Ng7 18. c3 b6 19. bxc5 bxc5 20. Ra6 Ne6 21. Rfa1
Rfb8 22. h4 Rb3 23. hxg5 hxg5 24. Qc1 Kg7 25. Qc2 Rb7 26. Qa2 Rh8 27. Rxa7 Rxa7
28. Qxa7 Qf6 29. Re1 g4 30. Kf1 Nf4 31. Bxf4 exf4 32. Ke2 f3+ 33. gxf3 Qxf3+ 34.
Kd2 Rh2 35. Re2 g3 36. Qe7 Qf4+ 0-1

[Event "Aimchess Rapid Prelim"]
[Site "chess24.com INT"]
[Date "2022.10.14"]
[Round "4.2"]
[White "Harikrishna, Pentala"]
[Black "Vidit, Santosh Gujrathi"]
[Result "1/2-1/2"]
[WhiteTitle "GM"]
[BlackTitle "GM"]
[WhiteElo "2717"]
[BlackElo "2710"]
[WhiteFideId "5007003"]
[BlackFideId "5029465"]
[EventDate "2022.10.14"]

1. d4 Nf6 2. c4 e6 3. Nf3 d5 4. Nc3 Bb4 5. Bg5 h6 6. Bxf6 Qxf6 7. e3 O-O 8. Rc1
dxc4 9. Bxc4 c5 10. dxc5 Nd7 11. O-O Nxc5 12. Nb5 Rd8 13. Qc2 Ba5 14. a3 Bb6 15.
Rfd1 Nd7 16. Be2 Ne5 17. Rxd8+ Bxd8 18. Nd6 Nc6 19. Bb5 Qe7 20. Nxc8 Rxc8 21.
Ne5 Qd6 22. Nxc6 bxc6 23. Ba6 Rb8 24. b4 c5 25. b5 Bb6 26. g3 Rd8 27. Bb7 Qd3
28. a4 Qxc2 29. Rxc2 Rd1+ 30. Kg2 Ra1 31. Rc4 Kf8 32. h4 g6 33. g4 g5 34. hxg5
hxg5 35. f4 gxf4 36. exf4 Ke7 37. g5 Kd6 38. Bf3 Bc7 39. f5 exf5 40. Bh5 Bd8 41.
g6 fxg6 42. Bxg6 Bf6 43. Bxf5 Bd4 44. Be4 Ke5 45. Bc6 Kf4 46. Rc2 Ke3 47. b6
axb6 48. Bb5 Kf4 49. Re2 Be3 50. Rc2 Rg1+ 51. Kh2 Rg6 52. Rb2 Bd4 53. Rb3 Be3
54. Be2 Rd6 55. Kg2 Ke4 56. Bf3+ Kd4 57. Be2 Rf6 58. Ba6 Ke4 59. Bd3+ Kf4 60.
Be2 Rg6+ 61. Kh2 Bg1+ 62. Kh3 Bd4 63. Rf3+ Ke4 64. Rb3 Rf6 65. Kg3 Be5+ 66. Kg2
Kd5 67. Rd3+ Bd4 68. Rf3 Re6 69. Rf5+ Be5 70. Kf3 Kd4 71. Bb5 c4 72. Rg5 Rf6+
73. Ke2 c3 74. Rg4+ Bf4 75. Kd1 Ke3 76. Kc2 Be5 77. Rg2 Rh6 78. Re2+ Kd4 79. Ba6
Bf4 80. Bd3 Be5 81. Ba6 Rh4 82. Bb7 Bf6 83. Rf2 Rh6 84. Ba6 Bg5 85. Rg2 Bf4 86.
Rf2 Bd2 87. Re2 Rh1 88. Re4+ Kc5 89. Re5+ Kd6 90. Rd5+ Kc6 91. Rd8 Rc1+ 92. Kd3
Kc5 93. Rd4 Rb1 94. Rc4+ Kd5 95. Bb7+ Ke5 96. Re4+ Kd6 97. Rc4 Rb2 98. Re4 b5
99. axb5 Rxb5 100. Ba6 Rd5+ 101. Kc2 Ra5 102. Bc4 Ra7 103. Bb3 Kc5 104. Re5+ Kd4
105. Rd5+ Ke3 106. Rd3+ Ke2 107. Bc4 Kf2 108. Rd8 Rb7 109. Bb3 Re7 110. Rf8+ Ke3
111. Ba4 Rh7 112. Re8+ Kd4 113. Rd8+ Kc5 114. Rc8+ Kb4 115. Bb3 Rh2 116. Rb8+
Kc5 117. Rc8+ Kd4 118. Rd8+ Ke5 119. Kd3 Kf6 120. Re8 Rh3+ 121. Kc2 Rg3 122. Bc4
Bf4 123. Rf8+ Ke5 124. Bd3 Bd2 125. Re8+ Kd6 126. Rd8+ Kc7 127. Re8 Rg1 128. Re6
Be1 129. Kb3 Bd2 130. Kc2 Rg8 131. Bc4 Rg4 132. Bb3 Rg2 133. Kd3 Kd7 134. Ra6
Be1 135. Re6 Rg3+ 136. Kc2 Bf2 137. Re4 Kd6 138. Bc4 Kc5 139. Be2 Bd4 140. Rg4
Re3 141. Bd3 Rh3 142. Rg5+ Kb4 143. Rg2 Rh1 144. Be4 Be3 145. Rg4 Rc1+ 146. Kd3
c2 147. Bc6+ Kb3 148. Ba4+ Kb2 149. Bxc2 Rxc2 150. Kxe3 Kb3 151. Rd4 Rc3+ 152.
Rd3 Rxd3+ 153. Kxd3 1/2-1/2

[Event "Aimchess Rapid Prelim"]
[Site "chess24.com INT"]
[Date "2022.10.14"]
[Round "4.4"]
[White "Grandelius, Nils"]
[Black "Anton Guijarro, David"]
[Result "1/2-1/2"]
[WhiteTitle "GM"]
[BlackTitle "GM"]
[WhiteElo "2651"]
[BlackElo "2655"]
[WhiteFideId "1710400"]
[BlackFideId "2285525"]
[EventDate "2022.10.14"]

1. d4 Nf6 2. c4 e6 3. Nf3 d5 4. Nc3 Bb4 5. Qa4+ Nc6 6. e3 O-O 7. Qc2 Re8 8. Bd2
a6 9. a3 Bd6 10. Rd1 Bd7 11. Bc1 h6 12. c5 Bf8 13. Be2 Nh7 14. e4 dxe4 15. Nxe4
Nf6 16. O-O Ne7 17. Nc3 Bc6 18. Ne5 Bd5 19. Nxd5 exd5 20. Bd3 g6 21. Rfe1 Bg7
22. h3 Nc6 23. Nxc6 bxc6 24. Rxe8+ Qxe8 25. Qe2 Qxe2 26. Bxe2 a5 27. Be3 Ne4 28.
h4 Rb8 29. Bc1 g5 30. Bg4 Nf6 31. Bf5 gxh4 32. Kf1 Kf8 33. Rd3 Ng8 34. Bd7 Ne7
35. b3 Rd8 36. Bg4 f5 37. Bd1 Kf7 38. Bd2 Ra8 39. Bc2 f4 40. Bxf4 Nf5 41. Bxc7
Ke6 42. Bd1 Nxd4 43. Bg4+ Kf7 44. a4 Kg6 45. Bf4 h5 46. Bd1 Ne6 47. Bd6 Bd4 48.
Rd2 Kf6 49. Rc2 Rh8 50. Re2 Nxc5 51. Bxc5 Bxc5 52. Rc2 Bd4 53. Rxc6+ Ke5 54. Bf3
Rb8 55. Rh6 Rxb3 56. Rxh5+ Kf6 57. Rxh4 Rb1+ 58. Ke2 Rb2+ 59. Kd3 Bxf2 60. Rh6+
Kg7 61. Rh5 Rb3+ 62. Ke2 Rb2+ 63. Kd3 Rb3+ 64. Kc2 Rb4 65. Rxd5 1/2-1/2

[Event "Aimchess Rapid Prelim"]
[Site "chess24.com INT"]
[Date "2022.10.14"]
[Round "4.5"]
[White "Naroditsky, Daniel"]
[Black "Rapport, Richard"]
[Result "1/2-1/2"]
[WhiteTitle "GM"]
[BlackTitle "GM"]
[WhiteElo "2617"]
[BlackElo "2754"]
[WhiteFideId "2026961"]
[BlackFideId "738590"]
[EventDate "2022.10.14"]

1. e4 e6 2. d4 d5 3. Nd2 b6 4. Ngf3 Nf6 5. e5 Nfd7 6. Bd3 c5 7. c3 Nc6 8. Nf1
Qc7 9. Ne3 Be7 10. O-O Bb7 11. a3 a5 12. a4 cxd4 13. cxd4 Nb4 14. Bb5 Bc6 15.
Bd2 Bxb5 16. axb5 O-O 17. Qb3 Rfc8 18. Rfc1 Qd8 19. Rc3 Qe8 20. Qa4 f6 21. exf6
Nxf6 22. Rxc8 Rxc8 23. Ne5 Ne4 24. Bxb4 Bxb4 25. Nc6 Bd6 26. Ng4 Qh5 27. f3 Rf8
28. Qc2 Nf6 29. Nge5 Nd7 30. Re1 Nxe5 31. Nxe5 Qh4 32. Qf2 Qxf2+ 33. Kxf2 Bxe5
34. Rxe5 Kf7 35. b3 Rc8 36. f4 Kf6 37. g4 Rc2+ 38. Re2 Rc1 39. g5+ Kf7 40. Re1
Rc8 41. Re5 g6 42. Re3 Rc2+ 43. Re2 Rc7 44. Re3 Ke7 45. h4 Kd6 46. Re2 Rc8 47.
Re1 Kd7 48. Re3 a4 49. bxa4 Rc4 50. Ra3 Rxd4 51. Kg3 Rb4 52. a5 bxa5 53. Rxa5
Rb3+ 54. Kf2 e5 55. fxe5 Ke6 56. Ra7 Rxb5 57. Rxh7 Kxe5 58. h5 Kf5 59. hxg6 Kxg6
60. Re7 d4 61. Rd7 Rxg5 62. Rxd4 Rf5+ 63. Ke3 Re5+ 64. Re4 Rxe4+ 65. Kxe4 1/2-1/2

[Event "Aimchess Rapid Prelim"]
[Site "chess24.com INT"]
[Date "2022.10.14"]
[Round "4.6"]
[White "Carlsen, Magnus"]
[Black "Aditya, Mittal"]
[Result "1/2-1/2"]
[WhiteTitle "GM"]
[BlackTitle "IM"]
[WhiteElo "2856"]
[BlackElo "2486"]
[WhiteFideId "1503014"]
[BlackFideId "35042025"]
[EventDate "2022.10.14"]

1. e4 e5 2. Nf3 Nc6 3. Bb5 Nf6 4. Nc3 Nd4 5. O-O Nxb5 6. Nxb5 c6 7. Nc3 d6 8. d4
Qc7 9. a4 a5 10. h3 Be7 11. b3 O-O 12. Ba3 Re8 13. Qd3 b6 14. Rfe1 Ba6 15. Qe3
Rad8 16. Rad1 Bf8 17. Qg5 h6 18. Qg3 Nh5 19. Qh4 Nf4 20. dxe5 dxe5 21. Rxd8 Rxd8
22. Bxf8 Rxf8 23. Rd1 Ne2+ 24. Nxe2 Bxe2 25. Rd2 Bxf3 26. gxf3 b5 27. Kg2 Re8
28. c4 bxa4 29. bxa4 c5 30. Rd5 Qc6 31. Qh5 Re6 32. Qf5 Qxa4 33. Rd8+ Re8 34.
Qc8 Rxd8 35. Qxd8+ Kh7 36. Qd5 Qb4 37. Qxf7 a4 38. f4 a3 39. fxe5 a2 40. Qf5+
Kg8 41. e6 Qb7 42. Qe5 Qe7 43. Qb2 Qxe6 44. Qxa2 Qxe4+ 45. f3 Qg6+ 46. Kf2 Qd6
47. Qa8+ Kf7 48. Qe4 Qd2+ 49. Kg3 Qg5+ 50. Kf2 Qd2+ 51. Kg3 Qg5+ 52. Qg4 Qe5+
53. Kf2 Qb2+ 54. Ke3 Qc3+ 55. Ke2 Qc2+ 56. Ke3 Qc3+ 57. Kf2 Qb2+ 58. Ke3 Qc3+ 1/2-1/2

[Event "Aimchess Rapid Prelim"]
[Site "chess24.com INT"]
[Date "2022.10.15"]
[Round "5.5"]
[White "Anton Guijarro, David"]
[Black "Naroditsky, Daniel"]
[Result "1/2-1/2"]
[WhiteTitle "GM"]
[BlackTitle "GM"]
[WhiteElo "2655"]
[BlackElo "2617"]
[WhiteFideId "2285525"]
[BlackFideId "2026961"]
[EventDate "2022.10.14"]

1. d4 Nf6 2. Nf3 g6 3. Nbd2 d5 4. e3 Bg7 5. b4 a5 6. b5 c5 7. bxc6 Nxc6 8. Be2
O-O 9. O-O Bf5 10. Bb2 Nb4 11. c3 Bc2 12. Qc1 Bd3 13. Bxd3 Nxd3 14. Qc2 Nxb2 15.
Qxb2 Qd6 16. Rab1 Nd7 17. c4 b6 18. Qb5 e6 19. cxd5 exd5 20. Rfc1 Rfc8 21. g3 h6
22. Kg2 Qe6 23. a4 Bf8 24. Rxc8 Rxc8 25. Qa6 Rc2 26. Qd3 Qc6 27. Rb5 Bb4 28. e4
Bxd2 29. Nxd2 dxe4 30. Qxe4 Qxe4+ 31. Nxe4 Rc4 32. Rd5 Nf8 33. Nf6+ Kg7 34. Ne8+
Kg8 35. Nf6+ Kg7 36. Ne8+ Kg8 37. Nf6+ 1/2-1/2

[Event "Aimchess Rapid Prelim"]
[Site "chess24.com INT"]
[Date "2022.10.15"]
[Round "5.7"]
[White "Vidit, Santosh Gujrathi"]
[Black "Abdusattorov, Nodirbek"]
[Result "1-0"]
[WhiteTitle "GM"]
[BlackTitle "GM"]
[WhiteElo "2710"]
[BlackElo "2713"]
[WhiteFideId "5029465"]
[BlackFideId "14204118"]
[EventDate "2022.10.14"]

1. c4 e6 2. Nc3 d5 3. d4 Nf6 4. cxd5 exd5 5. Bg5 c6 6. e3 h6 7. Bh4 Be7 8. Bd3
O-O 9. Nge2 Re8 10. O-O a5 11. Rc1 Nbd7 12. f3 b5 13. Bf2 Nb6 14. Ng3 Nc4 15.
Bxc4 dxc4 16. e4 Bf8 17. Qc2 Nh7 18. Rfd1 Ba6 19. d5 Qc7 20. Nf5 Rad8 21. dxc6
Rxd1+ 22. Qxd1 Qxc6 23. Qd5 Qf6 24. Bd4 Qe6 25. a4 b4 26. Nb5 Qxd5 27. exd5 Rd8
28. d6 c3 29. bxc3 b3 30. Ne7+ Kh8 31. Nc6 Bxb5 32. Nxd8 Bxa4 33. c4 Ng5 34. c5
Bb5 35. h4 Ne6 36. Nxe6 fxe6 37. c6 Bxd6 38. c7 Bd7 39. c8=Q+ Bxc8 40. Rxc8+ Kh7
41. Ra8 1-0

[Event "Aimchess Rapid Prelim"]
[Site "chess24.com INT"]
[Date "2022.10.15"]
[Round "6.1"]
[White "Giri, Anish"]
[Black "Harikrishna, Pentala"]
[Result "1-0"]
[WhiteTitle "GM"]
[BlackTitle "GM"]
[WhiteElo "2764"]
[BlackElo "2717"]
[WhiteFideId "24116068"]
[BlackFideId "5007003"]
[EventDate "2022.10.14"]

1. e4 e5 2. Nf3 Nc6 3. Bc4 Bc5 4. O-O Nf6 5. d3 d6 6. c3 a5 7. Re1 Ba7 8. Nbd2
O-O 9. h3 Ne7 10. Bb3 Ng6 11. d4 h6 12. Nf1 Re8 13. Ng3 Be6 14. Bc2 b5 15. a4 b4
16. Be3 bxc3 17. bxc3 c6 18. Rb1 Qc7 19. Qd2 Rad8 20. Nf5 d5 21. Bxh6 Nxe4 22.
Bxe4 dxe4 23. Nxg7 exf3 24. Nh5 f6 25. Nxf6+ Kf7 26. Qg5 Qe7 27. Nxe8 Qxe8 28.
Re3 e4 29. Rxe4 Rd5 30. Rb7+ 1-0

[Event "Aimchess Rapid Prelim"]
[Site "chess24.com INT"]
[Date "2022.10.15"]
[Round "6.3"]
[White "Grandelius, Nils"]
[Black "Vidit, Santosh Gujrathi"]
[Result "1/2-1/2"]
[WhiteTitle "GM"]
[BlackTitle "GM"]
[WhiteElo "2651"]
[BlackElo "2710"]
[WhiteFideId "1710400"]
[BlackFideId "5029465"]
[EventDate "2022.10.14"]

1. Nf3 Nf6 2. g3 b5 3. Na3 a6 4. c4 b4 5. Nc2 e6 6. a3 bxa3 7. b3 Bb7 8. Bg2 c5
9. Bxa3 d6 10. O-O Nbd7 11. b4 cxb4 12. Bxb4 Be7 13. d3 O-O 14. Qd2 Qc7 15. Ba5
Qc8 16. Rfb1 Rb8 17. Ncd4 Nc5 18. Qd1 e5 19. Nc2 e4 20. Nfd4 Re8 21. Ne3 Bf8 22.
Bc3 Ng4 23. Ndf5 Nxe3 24. Nxe3 exd3 25. exd3 Bxg2 26. Kxg2 Rxb1 27. Rxb1 h6 28.
h4 Qd7 29. Bd4 Ne6 30. Bc3 Nc5 31. Qf3 Nxd3 32. Nd5 Ne5 33. Bxe5 dxe5 34. Rb7 e4
35. Rxd7 exf3+ 36. Kxf3 Rc8 37. Ra7 Rxc4 38. Ra8 g6 39. Nf6+ Kg7 40. Ne8+ Kg8
41. Nf6+ Kg7 42. Ne8+ Kg8 43. Nf6+ 1/2-1/2